• 首页
  • 本馆介绍
  • 公告通知
  • 最新文献
  • 馆藏检索
  • 电子资源
  • 读者导购
  • 参考咨询
  • 我的图书馆
  • 登录
  • 详细信息显示
  • 放入我的书架
  • 预约/预借图书
  • 作者相关作品
  • 分类相关作品
  • 丛书相关作品
  • 出版社相关作品

书目信息

  • 表格格式
  • 工作单格式
  • 卡片格式
题名:
人生的职责
    
 
作者: 斯迈尔斯 , Smiles 著 ;李柏光 译
分册:  
出版信息: 北京   北京图书馆出版社  1999
页数: 13,378页
开本: 20cm
丛书名:
单 册:
中图分类: B825 , B824
科图分类:
主题词: 个人--道德修养--通俗读物 , 道德修养 , 个人 , 社会--道德
电子资源:
ISBN: 7-5013-1672-4
000 01139nam0 2200325 450
001 0938596265
005 20090929104446.79
010    @a7-5013-1672-4@dCNY20.00
100    @a20021005d1999 em y0chiy0110 ea
101 1  @achi@ceng
102    @aCN@b110000
105    @ay z 000yy
106    @ar
200 1  @a人生的职责@Aren sheng de zhi ze@e论勇敢、坚毅和耐力@f(英)塞缪尔·斯迈尔斯(Samuel Smiles)著@g李柏光等译
210    @a北京@c北京图书馆出版社@d1999
215    @a13,378页@d20cm
300    @a根据伦敦约翰·默雷公司1880年版译出
314    @a塞缪尔·斯迈尔斯(Samuel Smiles 1812~1904),英国十九世纪道德学家。著有《自己拯救自己》、《品格的力量》、《金钱与人生》等。
510 1  @aDuty with illustrations of courage,patience & endurance@zeng
606 0  @a个人@x道德修养@x通俗读物
606 0  @a道德修养
606 0  @a个人
606 0  @a社会@x道德
690    @aB825@v4
690    @aB824@v4
701  1 @c(英)@a斯迈尔斯@c(Smiles, Samuel@f1812~1904)@Asi mai er si@4著
701  1 @aSmiles@bSamuel@4著
702  0 @a李柏光@Ali bai guang@4译
801  0 @aCN@bNLC@c20000627
905    @a10447@dB824@eJY54
    
    人生的职责:论勇敢、坚毅和耐力/(英)塞缪尔·斯迈尔斯(Samuel Smiles)著/李柏光等译 .-北京:北京图书馆出版社,1999
    13,378页;20cm
    根据伦敦约翰·默雷公司1880年版译出
    
    ISBN 7-5013-1672-4:CNY20.00
    
●
相关链接 在E读中查询图书 在五车中查询图书 在当当中查询图书 在豆瓣中查询图书


正题名:人生的职责     索取号:B824/JY54         预约/预借

序号 登录号 条形码 馆藏地/架位号 状态 备注
1 7820198   278201982   学院路分馆/ [索取号:B824/JY54] 在馆    
2 7820199   278201991   学院路分馆/ [索取号:B824/JY54] 在馆    
3 7820200   278202008   学院路分馆/ [索取号:B824/JY54] 在馆    
4 7820201   278202017   学院路分馆/ [索取号:B824/JY54] 在馆    
唐山师范学院图书馆 欢迎您!
大连网信软件有限公司© 版权所有